| 000 | 01368nam a2200325 a 4500 | ||
|---|---|---|---|
| 001 | 000008709 | ||
| 003 | OCoLC | ||
| 005 | 20200929161407.0 | ||
| 008 | 090907s2007 ve 000 0 spa d | ||
| 020 | _a9789802764426 | ||
| 020 | _a9802764426 | ||
| 035 | _a(OCoLC)435999710 | ||
| 040 |
_aDO-SdBNP _bspa _cBNPHU |
||
| 090 |
_aE863.44 _bO775j |
||
| 100 | 1 |
_aOrtiz, Adalberto, _d1914-2003 _923189 |
|
| 245 | 1 | 0 |
_aJuyungo : _bla envoltura del sueño / _cAdalberto Ortiz ; prólogo, bibliografía y cronología Miguel Donoso Pareja. |
| 260 |
_aCaracas : _bFundación Biblioteca Ayacucho, _c2007. |
||
| 300 |
_axlix, 428 ; _c23 cm. |
||
| 490 | 1 |
_aClásica _v216 |
|
| 500 | _aIncluye cronología biográfica del autor: p. 413-417 | ||
| 504 | _aIncluye referencias bibliográficas y notas al pie de las páginas. | ||
| 505 | 0 | _aPrólogo / por Miguel Donoso Pareja -- Criterio de esta edición -- Juyungo. Historia de un negro, una isla y otros negros -- Cosas del anunciador y guía para el lector -- Cronología -- Bibliografía. | |
| 650 | 4 |
_aNovela ecuatoriana _95017 |
|
| 650 | 4 |
_aLiteratura ecuatoriana _xCrítica e interpretación _ySIGLO XX _923190 |
|
| 700 | 1 |
_aDonoso Pareja, Miguel _d1931-, _epról. _923191 |
|
| 830 | 0 |
_aClásica _v216 _923192 |
|
| 910 | _aValidado. Control de calidad BNPHU | ||
| 994 |
_aC0 _bBNPHU |
||
| 999 | 9 | 9 |
_a1 _n0000259 _c8479 _d8479 |
| 049 |
_aBNPD _c1 [005085] |
||